00350nam a22001097a 4500008004100000082001900041100001700060245010300077260004300180300001000223440000700233230626b xxu||||| |||| 00| 0 eng d a330.bWER 2006 cMaureen Were aAn Evaluation of the KIPPRA- Treasury Macro Model and Kenya's Economy Using Historical Simulations aKenyabInter-Parliamentary Unionc2006 aV,37p n59